|
|
|
|
| LEADER |
00000nam a22000007a 4500 |
| 005 |
20150129175318.0 |
| 007 |
cr|||| |||| |
| 008 |
150129s2014 mx |||||s|||| 00||0 spa d |
| 020 |
|
|
|a 978-607-9129-07-1
|
| 035 |
|
|
|a 12575
|
| 040 |
|
|
|a vLex
|
| 090 |
|
|
|c 5332
|d 5332
|
| 100 |
1 |
|
|a Ruiz Rodrg̕uez, Virgilio
|
| 245 |
1 |
0 |
|a Democracia y Derechos Humanos en Mx̌ico
|h [Recurso electrn̤ico] :
|b Situacin̤ Actual /
|c Virgilio Ruiz Rodrg̕uez
|
| 256 |
|
|
|a Servicio en ln̕ea
|
| 260 |
|
|
|a Mx̌ico D.F.:
|b Comisin̤ de Derechos Humanos del Estado de Mx̌ico (CODHEM),
|c 2014
|
| 300 |
|
|
|a 1 recurso electrn̤ico
|
| 506 |
1 |
|
|a Contenido solo disponible en los productos indicados
|d vLex Global
|d vLex Global (Academic Edition, excluding Law Schools)
|d vLex Global (U.S. Academic Edition, Law Schools)
|d vLex Global (U.S. Academic Edition, excluding Law Schools)
|d vLex Global (Academic Edition, Law Schools)
|
| 650 |
0 |
4 |
|a Derechos humanos
|z Mx̌ico
|
| 740 |
0 |
|
|a vLex Libros (Servicio en ln̕ea)
|
| 856 |
4 |
0 |
|u http://vlex.com/source/democracia-derechos-humanos-mexico-situacion-actual-12575
|z Acceso restringido
|
| 942 |
|
|
|c BOOK
|
| 999 |
0 |
|
|a Human rights
|